[Event "CYCC U12"]
[Site "Hamilton CAN"]
[Date "2022.07.08"]
[Round "1.17"]
[White "Velasquez, Noah"]
[Black "Chen (172271), Chen"]
[Result "1-0"]
[WhiteElo "1422"]
[BlackElo "824"]
[PlyCount "89"]
[EventDate "2022.07.08"]
[EventType "swiss"]
[EventRounds "7"]
[EventCountry "CAN"]

1. e4 e5 2. Nf3 Nc6 3. c3 Nf6 4. d4 exd4 5. e5 Qe7 6. cxd4 d6 7. Bb5 Bd7 8.
Bxc6 Bxc6 9. O-O Bxf3 10. exf6 Bxd1 11. fxe7 Bxe7 12. Rxd1 O-O-O 13. Nc3 Bf6
14. Be3 Rde8 15. Rac1 Re7 16. Nd5 Rd7 17. g3 Re8 18. Rd3 c6 19. Ra3 Kb8 20. Nc3
c5 21. dxc5 d5 22. Re1 Ka8 23. Nb5 a6 24. c6 bxc6 25. Rxa6+ Kb8 26. Bf4+ Kb7
27. Ra7+ Kb6 28. Rxe8 Rxa7 29. Nxa7 Kxa7 30. Be5 d4 31. Bxf6 gxf6 32. Re7+ Kb6
33. Kf1 c5 34. Rxf7 d3 35. Rxf6+ Kb5 36. Ke1 c4 37. Kd2 Kb4 38. a3+ Kb3 39.
Rb6+ Ka2 40. a4 Kb1 41. a5 c3+ 42. bxc3+ Ka2 43. a6 Ka1 44. a7 Ka2 45. a8=R#
1-0

[Event "CYCC U12"]
[Site "Hamilton CAN"]
[Date "2022.07.08"]
[Round "1.18"]
[White "Lau, Jayden"]
[Black "Jiang, William"]
[Result "0-1"]
[WhiteElo "745"]
[BlackElo "1380"]
[PlyCount "124"]
[EventDate "2022.07.08"]
[EventType "swiss"]
[EventRounds "7"]
[EventCountry "CAN"]

1. e4 c5 2. Nf3 Nc6 3. d4 cxd4 4. Nxd4 Nf6 5. Nc3 e5 6. Ndb5 d6 7. Bg5 a6 8.
Na3 b5 9. Nd5 Be7 10. Bxf6 Bxf6 11. c3 O-O 12. Nc2 Bg5 13. Be2 f5 14. Bf3 fxe4
15. Bxe4 Bf5 16. Qd3 Bxe4 17. Qxe4 Ne7 18. Rd1 Rc8 19. h4 Rc4 20. Qd3 Rxh4 21.
Rxh4 Bxh4 22. g3 Bg5 23. Ncb4 Qc8 24. Nxe7+ Bxe7 25. Qd5+ Kh8 26. Nc6 Qf5 27.
Rd2 Bg5 28. Re2 Qb1+ 29. Qd1 Qxd1+ 30. Kxd1 Rc8 31. Nb4 a5 32. Nd3 b4 33. cxb4
axb4 34. f4 exf4 35. gxf4 Bf6 36. Nxb4 h5 37. Rh2 g6 38. f5 Rc4 39. Nd3 Kg7 40.
b3 Rg4 41. a4 h4 42. fxg6 Kxg6 43. Ke2 Rg3 44. b4 Kg5 45. Nf2 d5 46. Rh3 Rxh3
47. Nxh3+ Kg4 48. Ng1 h3 49. Nxh3 Kxh3 50. a5 Bc3 51. a6 Bd4 52. Kd3 Ba7 53. b5
Kg3 54. Ke2 Kf4 55. Kd3 Kf3 56. Kd2 d4 57. Kd3 Kf2 58. Kd2 Kf1 59. Kd1 Bb6 60.
Kd2 Kf2 61. Kd1 Ke3 62. Ke1 d3 0-1

[Event "CYCC U12"]
[Site "Hamilton CAN"]
[Date "2022.07.08"]
[Round "1.19"]
[White "Mane, Arnav"]
[Black "Wang, Edward"]
[Result "1-0"]
[WhiteElo "1379"]
[BlackElo "743"]
[PlyCount "125"]
[EventDate "2022.07.08"]
[EventType "swiss"]
[EventRounds "7"]
[EventCountry "CAN"]

1. e4 e5 2. Nf3 Nc6 3. d4 exd4 4. Nxd4 Nf6 5. Nc3 Bb4 6. Nxc6 dxc6 7. Qxd8+
Kxd8 8. Bd2 Re8 9. O-O-O Bd7 10. f3 h6 11. Bc4 Ke7 12. g3 Bc5 13. e5 Nh7 14.
Rhe1 Rad8 15. Bd3 Nf8 16. Ne4 Bb6 17. Bb4+ Ke6 18. Bc4+ Kf5 19. Bxf7 Rxe5 20.
Bxf8 Rxf8 21. Rxd7 Ba5 22. Rf1 Bb6 23. g4+ Kf4 24. Bc4 g6 25. Nf2 Kg5 26. f4+
Kxf4 27. Nh3+ Kxg4 28. Rxf8 Kxh3 29. Bf1+ Kxh2 30. Rf3 Ba5 31. b4 Bb6 32. Rd2+
Kh1 33. Bg2+ Kh2 34. Bh3+ Kh1 35. Rf1+ Bg1 36. Bg2+ Kh2 37. Bf3+ Kg3 38. Rg2+
Kf4 39. Rgxg1 Kf5 40. Bxc6+ Ke6 41. Rxg6+ Ke7 42. Bxb7 h5 43. Rg7+ Ke6 44. Rg6+
Ke7 45. Rh6 Ke8 46. Rh7 Kd8 47. Rf8+ Re8 48. Rxe8+ Kxe8 49. Rxh5 Kd7 50. Bc6+
Kxc6 51. c4 Kb6 52. a4 Kb7 53. b5 Kb6 54. Kb2 Kb7 55. c5 a6 56. Rh7 axb5 57.
axb5 Kc8 58. Kb3 Kb7 59. Ka4 Kc8 60. Ka5 Kb7 61. c6+ Ka7 62. b6+ Kb8 63. Rh8#
1-0

[Event "CYCC U12"]
[Site "Hamilton CAN"]
[Date "2022.07.08"]
[Round "1.20"]
[White "Davydov, Daniel"]
[Black "Chen (167519), Chen"]
[Result "0-1"]
[WhiteElo "701"]
[BlackElo "1375"]
[PlyCount "76"]
[EventDate "2022.07.08"]
[EventType "swiss"]
[EventRounds "7"]
[EventCountry "CAN"]

1. e4 e5 2. Nf3 Nc6 3. Nc3 Nf6 4. Bb5 d6 5. h3 a6 6. Bc4 Be6 7. Bxe6 fxe6 8. d3
Be7 9. O-O O-O 10. Bg5 Qe8 11. a3 h6 12. Bh4 Nd4 13. Bxf6 Bxf6 14. b4 Qg6 15.
a4 Bg5 16. Kh1 Nxf3 17. gxf3 Bf4 18. Rg1 Qh5 19. Kg2 Rf6 20. Rh1 Raf8 21. b5
Be3 22. fxe3 Rxf3 23. Rh2 Rf2+ 24. Kg1 Qh4 25. Rxf2 Qxf2+ 26. Kh1 Rf3 27. Qxf3
Qxf3+ 28. Kh2 Qf2+ 29. Kh1 Qxc2 30. Ra3 Qc1+ 31. Kg2 Qxa3 32. Ne2 Qxd3 33. Kf3
axb5 34. axb5 Qxb5 35. Nc3 Qf1+ 36. Kg3 Qe1+ 37. Kg4 Qxc3 38. Kf3 b5 0-1

[Event "CYCC U12"]
[Site "Hamilton CAN"]
[Date "2022.07.08"]
[Round "1.21"]
[White "Yu, Ryan"]
[Black "Nguyen, Aiden"]
[Result "1/2-1/2"]
[WhiteElo "1368"]
[BlackElo "540"]
[PlyCount "112"]
[EventDate "2022.07.08"]
[EventType "swiss"]
[EventRounds "7"]
[EventCountry "CAN"]

1. e4 e5 2. Nf3 Nc6 3. Bc4 Nf6 4. Ng5 d5 5. exd5 Na5 6. Bb5+ c6 7. dxc6 bxc6 8.
Ba4 h6 9. Nf3 e4 10. Qe2 Bc5 11. O-O O-O 12. Ne1 Re8 13. h3 Qd6 14. c3 Bb6 15.
d4 Bc7 16. g3 Bxh3 17. Ng2 Ng4 18. Bf4 Qd7 19. Bxc7 Qxc7 20. Re1 e3 21. f3 Qxg3
22. fxg4 Bxg2 23. Qxg2 Qxe1+ 24. Qf1 Qg3+ 25. Qg2 Qxg2+ 26. Kxg2 e2 27. Nd2
e1=Q 28. Rxe1 Rxe1 29. Kf3 Rae8 30. b4 R1e3+ 31. Kf4 Nb7 32. Bxc6 R8e7 33. Bxb7
Rxb7 34. Kxe3 g6 35. a4 Re7+ 36. Kd3 f5 37. gxf5 gxf5 38. d5 h5 39. Nf3 f4 40.
Kd4 Re3 41. Nh4 Rh3 42. d6 Kf7 43. d7 Ke7 44. Ng6+ Kxd7 45. Nxf4 Rh1 46. c4 h4
47. Ng6 h3 48. Ne5+ Kc7 49. Ng4 h2 50. Kc5 Ra1 51. Nxh2 Rxa4 52. Kb5 Ra2 53.
Nf3 Rb2 54. Nd4 a6+ 55. Kxa6 Ra2+ 56. Kb5 Rb2 1/2-1/2

[Event "CYCC U12"]
[Site "Hamilton CAN"]
[Date "2022.07.08"]
[Round "1.22"]
[White "Elizarov, Gabriel"]
[Black "Tseng, Bradley"]
[Result "0-1"]
[WhiteElo "240"]
[BlackElo "1343"]
[PlyCount "56"]
[EventDate "2022.07.08"]
[EventType "swiss"]
[EventRounds "7"]
[EventCountry "CAN"]

1. e4 c5 2. Nf3 Nc6 3. Bb5 e5 4. Nc3 d6 5. d3 a6 6. Ba4 Bd7 7. Bg5 Be7 8. Bxe7
Ngxe7 9. Bb3 Ng6 10. Nd5 Nce7 11. Ne3 h6 12. c3 Bc6 13. Bc2 d5 14. exd5 Nxd5
15. Nf5 Qf6 16. d4 O-O-O 17. dxc5 Ndf4 18. Nd6+ Rxd6 19. cxd6 Nxg2+ 20. Kf1
Bxf3 21. Qd3 N6h4 22. Rg1 Nf4 23. Qc4+ Kb8 24. Re1 Bc6 25. Qc5 Nh3 26. Rg3 Bb5+
27. Bd3 Rc8 28. Qxe5 Qxf2# 0-1

[Event "CYCC U12"]
[Site "Hamilton CAN"]
[Date "2022.07.08"]
[Round "2.1"]
[White "Mane, Arnav"]
[Black "Guillemette, Hugo"]
[Result "0-1"]
[WhiteElo "1379"]
[BlackElo "2041"]
[PlyCount "126"]
[EventDate "2022.07.08"]
[EventType "swiss"]
[EventRounds "7"]
[EventCountry "CAN"]

1. e4 c5 2. Nf3 e6 3. c3 Nf6 4. e5 Nd5 5. d4 cxd4 6. cxd4 d6 7. Nc3 Nxc3 8.
bxc3 Qc7 9. Bd2 a6 10. a4 dxe5 11. Nxe5 Nd7 12. Nxd7 Bxd7 13. g3 Bc6 14. f3 Bd6
15. Bg2 h5 16. Kf2 h4 17. f4 Bxg2 18. Kxg2 Rd8 19. Qg4 g6 20. Rhe1 hxg3 21.
hxg3 Qc6+ 22. Kf2 Rh2+ 23. Ke3 Kd7 24. Re2 Rdh8 25. Qf3 Rxe2+ 26. Qxe2 g5 27.
Qf3 Rh3 28. Qxc6+ Kxc6 29. Kf2 gxf4 30. gxf4 Rh2+ 31. Ke3 Bxf4+ 32. Kxf4 Rxd2
33. Ke3 Rh2 34. Kd3 f5 35. Kc4 Rf2 36. Re1 Kd6 37. Rb1 Ra2 38. Kb3 Re2 39. Kc4
Kc6 40. Rf1 b6 41. Rf3 Kd6 42. Rf1 Rb2 43. Rf3 b5+ 44. axb5 Rxb5 45. Rf1 Rb8
46. Kd3 a5 47. Ra1 Ra8 48. c4 a4 49. Ra3 e5 50. Ke3 f4+ 51. Ke4 exd4 52. Kxd4
Kc6 53. Ke4 Kc5 54. Kxf4 Kxc4 55. Ke3 Kb4 56. Ra1 Kc3 57. Rc1+ Kb2 58. Rd1 a3
59. Rd2+ Kc1 60. Ra2 Kb1 61. Rd2 a2 62. Rd1+ Kb2 63. Rd2+ Kc1 0-1

[Event "CYCC U12"]
[Site "Hamilton CAN"]
[Date "2022.07.08"]
[Round "2.2"]
[White "Chen (167519), Chen"]
[Black "Qian, Eric"]
[Result "1/2-1/2"]
[WhiteElo "1375"]
[BlackElo "1753"]
[PlyCount "163"]
[EventDate "2022.07.08"]
[EventType "swiss"]
[EventRounds "7"]
[EventCountry "CAN"]

1. e4 c5 2. Nc3 a6 3. a4 d6 4. f4 Nf6 5. Bc4 e6 6. d3 Be7 7. Nf3 Nc6 8. O-O d5
9. exd5 exd5 10. Ba2 O-O 11. Ne5 Qc7 12. Bxd5 Nxe5 13. fxe5 Qxe5 14. Be4 Ng4
15. g3 Bg5 16. Bxg5 Qxg5 17. Qf3 Qh6 18. h4 Rb8 19. Nd5 Qd2 20. Qg2 Qxg2+ 21.
Kxg2 Be6 22. Rae1 Bd7 23. Bf5 Rbd8 24. Re4 Nh6 25. Bxd7 Rxd7 26. Ne7+ Kh8 27.
Nf5 Nxf5 28. Rxf5 Rc7 29. Rfe5 g6 30. Kf3 Rfc8 31. Re8+ Rxe8 32. Rxe8+ Kg7 33.
Ke4 Rd7 34. Rc8 Rd4+ 35. Ke3 Rd5 36. Rc7 b5 37. axb5 axb5 38. Rb7 b4 39. c3
bxc3 40. bxc3 Kf6 41. Rc7 Re5+ 42. Kf4 Rf5+ 43. Ke4 Re5+ 44. Kf4 Rd5 45. Rc6+
Ke7 46. Ke4 Rh5 47. d4 cxd4 48. cxd4 Rf5 49. d5 Rf1 50. Kd4 Kd7 51. Ke5 Rf5+
52. Ke4 h5 53. Rc3 Kd6 54. Rc6+ Kd7 55. Rc3 Rf1 56. Rf3 Re1+ 57. Kf4 f6 58. Re3
Rf1+ 59. Rf3 Re1 60. Re3 Rf1+ 61. Rf3 Re1 62. Ra3 Rf1+ 63. Ke4 Re1+ 64. Re3 Rd1
65. Rf3 Re1+ 66. Re3 Rd1 67. Rd3 Re1+ 68. Kf4 Kd6 69. Rd2 Re5 70. g4 g5+ 71.
Kg3 hxg4 72. Kxg4 Re4+ 73. Kf5 Rf4+ 74. Kg6 gxh4 75. Kh5 h3 76. Rh2 Rf3 77. Kg4
Ra3 78. Kf5 Ke7 79. d6+ Kf7 80. d7 Ke7 81. d8=Q+ Kxd8 82. Kxf6 1/2-1/2

[Event "CYCC U12"]
[Site "Hamilton CAN"]
[Date "2022.07.08"]
[Round "2.3"]
[White "Ming, Jerry"]
[Black "Li, Aiden"]
[Result "1-0"]
[WhiteElo "1716"]
[BlackElo "1321"]
[PlyCount "75"]
[EventDate "2022.07.08"]
[EventType "swiss"]
[EventRounds "7"]
[EventCountry "CAN"]

1. e4 c5 2. c3 g6 3. d4 cxd4 4. cxd4 d5 5. e5 Nc6 6. Nf3 Nh6 7. Nc3 Bg4 8. Bb5
Nf5 9. Be3 Bg7 10. h3 Bxf3 11. Qxf3 e6 12. O-O O-O 13. Bxc6 bxc6 14. Na4 Qe7
15. g4 Nxe3 16. Qxe3 Rab8 17. b3 Rfc8 18. Rac1 Qe8 19. Rc2 Bf8 20. f4 Ba3 21.
f5 Qe7 22. f6 Qf8 23. Nc5 Bxc5 24. Rxc5 Rb5 25. Rfc1 Rxc5 26. Rxc5 h6 27. Qc1
Kh7 28. b4 Rb8 29. a3 a6 30. Rxc6 a5 31. Qc5 Qxc5 32. bxc5 Rb3 33. Rc7 Kg8 34.
Rc8+ Kh7 35. Rf8 Rb7 36. Ra8 g5 37. Rxa5 Rb3 38. c6 1-0

[Event "CYCC U12"]
[Site "Hamilton CAN"]
[Date "2022.07.08"]
[Round "2.4"]
[White "Tseng, Bradley"]
[Black "Yao, Henry"]
[Result "1/2-1/2"]
[WhiteElo "1343"]
[BlackElo "1666"]
[PlyCount "46"]
[EventDate "2022.07.08"]
[EventType "swiss"]
[EventRounds "7"]
[EventCountry "CAN"]

1. e4 e5 2. Nf3 Nc6 3. d4 exd4 4. Bc4 Bb4+ 5. c3 dxc3 6. bxc3 Bc5 7. Bxf7+ Kxf7
8. Qd5+ Ke8 9. Qxc5 Qe7 10. Qe3 d6 11. O-O Bg4 12. Nd4 Nf6 13. Re1 Kf7 14. Ba3
Rhe8 15. Qf4 Qe5 16. Qe3 Bd7 17. Nd2 Ng4 18. N4f3 Nxe3 19. Nxe5+ Nxe5 20. Rxe3
Bc6 21. h3 d5 22. f4 Ng6 23. e5 Rad8 1/2-1/2

[Event "CYCC U12"]
[Site "Hamilton CAN"]
[Date "2022.07.08"]
[Round "2.5"]
[White "Zhou, Felix"]
[Black "Moses, Neil"]
[Result "0-1"]
[WhiteElo "1293"]
[BlackElo "1578"]
[PlyCount "136"]
[EventDate "2022.07.08"]
[EventType "swiss"]
[EventRounds "7"]
[EventCountry "CAN"]

1. d4 Nf6 2. c4 e6 3. Nc3 Bb4 4. Bg5 d5 5. e3 c6 6. Nf3 Nbd7 7. Qb3 a5 8. a3
Bd6 9. Be2 b6 10. cxd5 exd5 11. O-O h6 12. Bh4 Qc7 13. Bg3 Bxg3 14. hxg3 b5 15.
Rac1 Qd6 16. Bd3 b4 17. axb4 axb4 18. Na4 Ba6 19. Nc5 Bxd3 20. Qxd3 Nxc5 21.
Rxc5 Ne4 22. Rc2 O-O 23. Nd2 Nxd2 24. Qxd2 Rfb8 25. Rfc1 Rb6 26. Qd3 Ra2 27. b3
Rba6 28. Qd2 R2a3 29. Qd3 Kf8 30. Kf1 Ke7 31. Ke2 g6 32. e4 Qe6 33. e5 Qg4+ 34.
Ke1 Kd7 35. Rb1 Ra2 36. Rcc1 Qh5 37. Rd1 Qh1+ 38. Qf1 Qxf1+ 39. Kxf1 Rc2 40.
Rd3 Raa2 41. Rf3 Ke7 42. Rf6 Rd2 43. Kg1 Ra6 44. Rc1 Rxd4 45. Rcxc6 Rxc6 46.
Rxc6 Rd3 47. Rd6 Rxb3 48. Rxd5 Rc3 49. Rb5 b3 50. Kh2 Rc2 51. f4 b2 52. Rb6 Kd7
53. Kh3 Kc7 54. Rb3 Kc6 55. g4 Kd5 56. Kg3 Rc3+ 57. Rxc3 b1=Q 58. Rf3 Ke4 59.
Kh3 g5 60. fxg5 Qh1+ 61. Kg3 hxg5 62. Kf2 Qh4+ 63. Kf1 Qxg4 64. Rxf7 Qd1+ 65.
Kf2 Qc2+ 66. Kg3 Qb3+ 67. Rf3 Qb8 68. Kf2 Kxe5 0-1

[Event "CYCC U12"]
[Site "Hamilton CAN"]
[Date "2022.07.08"]
[Round "2.6"]
[White "Sundara Rajan, Inbhavenkat"]
[Black "Lu, Aiden"]
[Result "1-0"]
[WhiteElo "1517"]
[BlackElo "1291"]
[PlyCount "67"]
[EventDate "2022.07.08"]
[EventType "swiss"]
[EventRounds "7"]
[EventCountry "CAN"]

1. e4 e5 2. Nf3 Nc6 3. Bb5 a6 4. Ba4 Nf6 5. O-O Be7 6. Re1 b5 7. Bb3 O-O 8. a4
Bb7 9. axb5 axb5 10. Rxa8 Qxa8 11. c3 d6 12. d3 Nb8 13. Nbd2 Nbd7 14. Nf1 Rd8
15. Ng3 Re8 16. Ng5 Rf8 17. Nf5 Bd8 18. f4 h6 19. Nf3 Re8 20. fxe5 dxe5 21.
N3h4 Nc5 22. Bc2 c6 23. Qf3 Bb6 24. Kh1 Ne6 25. Nxh6+ Kf8 26. Rf1 Rd8 27. N6f5
g5 28. Nh6 Rd7 29. Qxf6 gxh4 30. Nxf7 Ke8 31. Qxe6+ Re7 32. Nd6+ Kd8 33. Rf8+
Kc7 34. Qxe7# 1-0

[Event "CYCC U12"]
[Site "Hamilton CAN"]
[Date "2022.07.08"]
[Round "2.7"]
[White "Russell, Wesley"]
[Black "Zhong, Ryan Yunhui"]
[Result "0-1"]
[WhiteElo "1287"]
[BlackElo "1480"]
[PlyCount "58"]
[EventDate "2022.07.08"]
[EventType "swiss"]
[EventRounds "7"]
[EventCountry "CAN"]

1. e4 c5 2. c3 Nf6 3. e5 Nd5 4. d4 e6 5. Nf3 Nc6 6. Bc4 Nb6 7. Bb3 cxd4 8. cxd4
d6 9. O-O Be7 10. Qe2 Qc7 11. Nc3 a6 12. Bf4 dxe5 13. dxe5 Nd7 14. Rac1 b5 15.
Ne4 O-O 16. Nd6 Bb7 17. Rfd1 Bxd6 18. exd6 Qb6 19. Ng5 h6 20. Nxf7 Rxf7 21.
Qxe6 Nde5 22. Be3 Qd8 23. Rxc6 Bxc6 24. Qxe5 Qf8 25. d7 Kh7 26. Bxf7 Qxf7 27.
d8=Q Rxd8 28. Rxd8 Qg6 29. Qd6 Qxg2# 0-1

[Event "CYCC U12"]
[Site "Hamilton CAN"]
[Date "2022.07.08"]
[Round "2.8"]
[White "Mok, Erwin"]
[Black "Duanmu, Isaac"]
[Result "0-1"]
[WhiteElo "1468"]
[BlackElo "1265"]
[PlyCount "146"]
[EventDate "2022.07.08"]
[EventType "swiss"]
[EventRounds "7"]
[EventCountry "CAN"]

1. d4 d5 2. c4 e6 3. Nc3 Nf6 4. Bg5 Be7 5. e3 h6 6. Bh4 O-O 7. Nf3 b6 8. cxd5
Nxd5 9. Nxd5 exd5 10. Bxe7 Qxe7 11. Qd2 Nd7 12. Bd3 c5 13. O-O Nf6 14. Rac1 Ne4
15. Qc2 Bf5 16. b3 cxd4 17. Nxd4 Bg6 18. Qe2 Rac8 19. Nc6 Qb7 20. Ba6 Qxc6 21.
Rxc6 Rxc6 22. f3 Nf6 23. Rd1 Rc3 24. Kf2 Re8 25. Bb7 Rd8 26. Rd2 Rd7 27. Ba6
Rdc7 28. Bd3 Bxd3 29. Rxd3 Rc2 30. Rd2 Rxd2 31. Qxd2 Rc5 32. b4 Rc4 33. a3 b5
34. g4 Rxg4 35. Qd3 Rc4 36. Qb3 a6 37. a4 d4 38. exd4 Rxd4 39. axb5 axb5 40.
Qa3 Rd2+ 41. Kg1 Rd1+ 42. Kg2 Rd2+ 43. Kh3 Rd4 44. Qa5 Rd5 45. Qa8+ Kh7 46. Qf8
Kg6 47. Kg3 Nh5+ 48. Kf2 Rd2+ 49. Ke3 Rd5 50. Qc8 Nf6 51. Qc2+ Rf5 52. h4 h5
53. Kd4 Ng8 54. f4 Nh6 55. Qg2+ Kh7 56. Qe4 g6 57. Ke3 Ng4+ 58. Kf3 Ne5+ 59.
Ke2 Nc4 60. Qd4 Na3 61. Kd3 Nc4 62. Ke2 Kg8 63. Qd8+ Kg7 64. Qd4+ Rf6 65. Kd3
Nd6 66. Qe5 Nf5 67. Qxb5 Nxh4 68. Qe5 Nf3 69. Qa1 Nh4 70. b5 Nf5 71. b6 Nd6 72.
Kc2 h4 73. Kd3 h3 0-1

[Event "CYCC U12"]
[Site "Hamilton CAN"]
[Date "2022.07.08"]
[Round "2.9"]
[White "Liu, Sean"]
[Black "Chen, Vincent"]
[Result "1-0"]
[WhiteElo "1208"]
[BlackElo "1445"]
[PlyCount "106"]
[EventDate "2022.07.08"]
[EventType "swiss"]
[EventRounds "7"]
[EventCountry "CAN"]

1. e4 c6 2. d4 d5 3. Nc3 dxe4 4. Nxe4 Nf6 5. Nxf6+ exf6 6. Nf3 Bd6 7. Bd3 Bg4
8. h3 Bh5 9. Be3 Nd7 10. c3 Qc7 11. Be2 f5 12. d5 O-O 13. dxc6 Qxc6 14. O-O f4
15. Bd4 Rad8 16. Qb3 Nc5 17. Qc2 Bg6 18. Qc1 Rfe8 19. Bc4 Ne6 20. Bxe6 Rxe6 21.
b3 Be4 22. Ne1 f3 23. Qg5 f6 24. Qg4 Kh8 25. Nxf3 Bxf3 26. Qxf3 Qxf3 27. gxf3
a5 28. Rae1 Rde8 29. Re3 Bf4 30. Re4 Rxe4 31. fxe4 Rxe4 32. f3 Re2 33. Rf2 Rxf2
34. Kxf2 a4 35. bxa4 Kg8 36. Be3 Be5 37. Bd4 Kf7 38. Bxe5 fxe5 39. Ke3 Ke6 40.
Ke4 g6 41. c4 Kd6 42. h4 b6 43. a3 h6 44. Kd3 Kc5 45. Kc3 g5 46. hxg5 hxg5 47.
Kd3 Kd6 48. Ke4 Ke6 49. c5 bxc5 50. a5 Kd6 51. a6 Kc6 52. Kxe5 Kb6 53. Kd5 Kxa6
1-0

[Event "CYCC U12"]
[Site "Hamilton CAN"]
[Date "2022.07.08"]
[Round "2.10"]
[White "Fu, Odyssey"]
[Black "Velasquez, Noah"]
[Result "1/2-1/2"]
[WhiteElo "1101"]
[BlackElo "1422"]
[PlyCount "127"]
[EventDate "2022.07.08"]
[EventType "swiss"]
[EventRounds "7"]
[EventCountry "CAN"]

1. e4 Nf6 2. e5 Nd5 3. c4 Nb6 4. d4 d6 5. Nf3 Bg4 6. Bf4 Nc6 7. exd6 cxd6 8.
Be2 g6 9. Nc3 Bg7 10. d5 Bxf3 11. Bxf3 Nd4 12. Be2 Nxe2 13. Qxe2 Rc8 14. O-O
Nxc4 15. Nb5 O-O 16. Nxa7 Ra8 17. Qxc4 Rxa7 18. Qc1 Qc8 19. Qe3 Qc5 20. Qxe7
Qxd5 21. Bxd6 Ra6 22. Bb4 Rd8 23. h3 Re6 24. Qc5 Qxc5 25. Bxc5 Bxb2 26. Rad1
Rc8 27. Bd4 Rc2 28. Bxb2 Rxb2 29. Rd7 Ra6 30. Ra1 b5 31. Rb7 b4 32. g4 b3 33.
a3 Rf6 34. Rf1 Rf3 35. Kg2 Rc3 36. a4 Rcc2 37. a5 Ra2 38. Rxb3 Rxa5 39. Rd1 Kg7
40. Rd7 Ra6 41. Rf3 Rf6 42. Rxf6 Kxf6 43. Kg3 Ke6 44. Ra7 Rc1 45. Ra6+ Ke5 46.
Ra7 Rc3+ 47. f3 Kf6 48. Ra6+ Kg7 49. Ra7 h5 50. gxh5 gxh5 51. Ra5 Kg6 52. h4
Rc6 53. Rg5+ Kh6 54. Rf5 f6 55. Ra5 Kg6 56. Rb5 Re6 57. Rb8 Kf5 58. Rh8 Kg6 59.
Rc8 Re7 60. Rg8+ Kf7 61. Rh8 Re5 62. Rc8 Ke6 63. Re8+ Kd5 64. Rd8+ 1/2-1/2

[Event "CYCC U12"]
[Site "Hamilton CAN"]
[Date "2022.07.08"]
[Round "2.11"]
[White "Jiang, William"]
[Black "Chen, Timmy"]
[Result "1/2-1/2"]
[WhiteElo "1380"]
[BlackElo "1073"]
[PlyCount "28"]
[EventDate "2022.07.08"]
[EventType "swiss"]
[EventRounds "7"]
[EventCountry "CAN"]

1. e4 e5 2. Nf3 Nc6 3. Bc4 Bc5 4. O-O Nf6 5. d4 Bxd4 6. Nxd4 Nxd4 7. f4 d6 8.
fxe5 dxe5 9. Bg5 Qd6 10. c3 Bg4 11. Qa4+ Bd7 12. Qd1 Bg4 13. Qa4+ Bd7 14. Qd1
Bg4 1/2-1/2

[Event "CYCC U12"]
[Site "Hamilton CAN"]
[Date "2022.07.08"]
[Round "2.12"]
[White "Wu, Jonathan"]
[Black "Li, Andrew"]
[Result "1-0"]
[WhiteElo "1891"]
[BlackElo "841"]
[PlyCount "115"]
[EventDate "2022.07.08"]
[EventType "swiss"]
[EventRounds "7"]
[EventCountry "CAN"]

1. e4 e5 2. Nf3 Nc6 3. d4 exd4 4. Nxd4 Bc5 5. Nb3 Be7 6. Nc3 d6 7. Be3 f5 8.
exf5 Bxf5 9. Bc4 Nf6 10. O-O Qd7 11. Re1 O-O-O 12. Nd4 Nxd4 13. Qxd4 c5 14. Qd2
d5 15. Bb5 Qc7 16. Bf4 Bd6 17. Bg3 Bxg3 18. hxg3 c4 19. Qg5 Bg6 20. Rad1 a6 21.
Ba4 b5 22. Nxd5 Nxd5 23. Rxd5 Rxd5 24. Qxd5 bxa4 25. Qa8+ Qb8 26. Qc6+ Qc7 27.
Qxa6+ Kd7 28. Qe6+ Kd8 29. Rd1+ Bd3 30. cxd3 c3 31. Qd5+ Qd7 32. Qa8+ Qc8 33.
Qxc8+ Kxc8 34. Rc1 Kd7 35. Rxc3 Re8 36. Kf1 Rb8 37. b3 axb3 38. axb3 Kd6 39.
Ke2 Ra8 40. Rc2 Kd5 41. Kd2 Ra3 42. Kc3 Ra8 43. d4 Ke4 44. Re2+ Kd5 45. Re5+
Kd6 46. Kc4 Rc8+ 47. Rc5 Rb8 48. b4 g6 49. b5 Kd7 50. Rc6 Rb7 51. Kc5 Rb8 52.
b6 Rb7 53. Rc7+ Rxc7+ 54. bxc7 Kxc7 55. g4 Kd7 56. Kd5 h6 57. f4 h5 58. f5 1-0

[Event "CYCC U12"]
[Site "Hamilton CAN"]
[Date "2022.07.08"]
[Round "2.13"]
[White "Zhu, Charis"]
[Black "Gummadi, Bhargav Ram"]
[Result "1-0"]
[WhiteElo "1640"]
[BlackElo "1168"]
[PlyCount "67"]
[EventDate "2022.07.08"]
[EventType "swiss"]
[EventRounds "7"]
[EventCountry "CAN"]

1. d4 d5 2. Bf4 c5 3. Nf3 Bg4 4. Ne5 Bf5 5. e3 a6 6. c4 Qa5+ 7. Nc3 e6 8. cxd5
exd5 9. Qb3 Nd7 10. Nxd7 Bxd7 11. Qxb7 Bc6 12. Qxc6+ Kd8 13. Qxa8+ Ke7 14. Bd6+
Kxd6 15. Qxf8+ Ke6 16. Qxg7 cxd4 17. exd4 Nf6 18. Qxh8 Qb4 19. Qc8+ Ke7 20.
Qc5+ Qxc5 21. dxc5 d4 22. Na4 Kd7 23. Bxa6 Kc6 24. b4 Nd5 25. b5+ Kc7 26. b6+
Kb8 27. c6 Nxb6 28. Nxb6 Kc7 29. Rc1 d3 30. Nd5+ Kb8 31. c7+ Ka7 32. c8=Q d2+
33. Kxd2 f5 34. Rc7# 1-0

[Event "CYCC U12"]
[Site "Hamilton CAN"]
[Date "2022.07.08"]
[Round "2.14"]
[White "Gao, Justin"]
[Black "Leung, Joseph"]
[Result "0-1"]
[WhiteElo "1587"]
[BlackElo "1109"]
[PlyCount "58"]
[EventDate "2022.07.08"]
[EventType "swiss"]
[EventRounds "7"]
[EventCountry "CAN"]

1. e4 e5 2. Nf3 Nc6 3. Bc4 Bc5 4. c3 Nf6 5. d4 exd4 6. e5 d5 7. Bb5 Ne4 8. cxd4
Bb6 9. O-O O-O 10. Bxc6 bxc6 11. Qc2 c5 12. Nc3 Bb7 13. dxc5 Bxc5 14. Nxe4 dxe4
15. Ng5 Be7 16. Rd1 Qc8 17. Nxe4 Qe6 18. Ng3 Qxe5 19. Be3 Bd6 20. Rac1 Qe6 21.
Ra1 f5 22. Bc5 Bxc5 23. Qxc5 f4 24. Nh1 Qg4 25. Qc4+ Rf7 26. Qf1 f3 27. g3 Qc8
28. Qc4 Qh3 29. Qf1 Qg2+ 0-1

[Event "CYCC U12"]
[Site "Hamilton CAN"]
[Date "2022.07.08"]
[Round "2.15"]
[White "Nguyen, Aiden"]
[Black "Wu, Nolan"]
[Result "0-1"]
[WhiteElo "540"]
[BlackElo "1550"]
[PlyCount "78"]
[EventDate "2022.07.08"]
[EventType "swiss"]
[EventRounds "7"]
[EventCountry "CAN"]

1. d4 Nf6 2. Nf3 g6 3. e3 Bg7 4. Bd3 d6 5. O-O O-O 6. b3 Nbd7 7. Bb2 b6 8. Nbd2
Bb7 9. Ng5 c5 10. Be4 d5 11. Bd3 h6 12. Ngf3 Rc8 13. c4 e6 14. Ne5 h5 15. h3
Nxe5 16. dxe5 Nd7 17. f4 Nb8 18. Qc2 Nc6 19. a3 Ne7 20. Rf3 dxc4 21. e4 cxd3
22. Rxd3 Qc7 23. Rc3 Nc6 24. b4 Nd4 25. Qd3 Rfd8 26. Qe3 Ba6 27. Kh1 Ne2 28.
Rc2 Bd3 29. Rc4 Bxc4 30. Nxc4 Nd4 31. g4 Nc2 32. Qc3 Nxa1 33. Bxa1 Rd1+ 34. Kg2
Qc6 35. Nd6 Rxd6 36. exd6 Bxc3 37. Bxc3 Qxe4+ 38. Kf2 Qc2+ 39. Kf1 Qxc3 0-1

[Event "CYCC U12"]
[Site "Hamilton CAN"]
[Date "2022.07.08"]
[Round "2.16"]
[White "Zhang, Felix"]
[Black "Yu, Ryan"]
[Result "1/2-1/2"]
[WhiteElo "1068"]
[BlackElo "1368"]
[PlyCount "63"]
[EventDate "2022.07.08"]
[EventType "swiss"]
[EventRounds "7"]
[EventCountry "CAN"]

1. e4 c5 2. Nc3 Nc6 3. g3 Nf6 4. Bg2 d6 5. d3 e6 6. Nge2 Be7 7. O-O O-O 8. f4
Qb6 9. h3 c4+ 10. d4 e5 11. Na4 Qa5 12. b3 b5 13. Bd2 Qa6 14. fxe5 dxe5 15.
dxe5 bxa4 16. exf6 Bxf6 17. Rxf6 gxf6 18. Bh6 Rd8 19. Qc1 Ne5 20. Nf4 Bb7 21.
Nh5 Rd6 22. g4 Re8 23. Ng7 Red8 24. Qf4 Rd1+ 25. Rxd1 Rxd1+ 26. Kh2 Qd6 27. Ne8
Nxg4+ 28. hxg4 Qxf4+ 29. Bxf4 axb3 30. Nxf6+ Kg7 31. Nh5+ Kg6 32. axb3 1/2-1/2

[Event "CYCC U12"]
[Site "Hamilton CAN"]
[Date "2022.07.08"]
[Round "2.17"]
[White "Dunikov, Glib"]
[Black "Wang, Dennis"]
[Result "1/2-1/2"]
[WhiteElo "1561"]
[BlackElo "1100"]
[PlyCount "84"]
[EventDate "2022.07.08"]
[EventType "swiss"]
[EventRounds "7"]
[EventCountry "CAN"]

1. e4 d5 2. Nf3 dxe4 3. Ng5 Nf6 4. Nc3 Bf5 5. Bc4 e6 6. f3 h6 7. fxe4 Bg6 8.
Nf3 Nxe4 9. Nxe4 Bxe4 10. d3 Bxf3 11. Qxf3 c6 12. O-O Bc5+ 13. Kh1 O-O 14. Qg4
Qd4 15. Qf3 Nd7 16. Bd2 Ne5 17. Qg3 Nxc4 18. Bc3 Bd6 19. Bxd4 Bxg3 20. dxc4 Bc7
21. Rad1 a6 22. Rf3 Rad8 23. Rfd3 Rd6 24. Bc5 Rxd3 25. cxd3 Rd8 26. g3 Bd6 27.
Bb6 Rd7 28. a3 Be5 29. d4 Bf6 30. Kg2 Kh7 31. Kf3 Kg6 32. b4 Bd8 33. Bxd8 Rxd8
34. Ke4 Kf6 35. h4 Rc8 36. g4 b5 37. Rc1 g5 38. h5 Rc7 39. Rf1+ Ke7 40. Rc1 Kf6
41. Rf1+ Ke7 42. Rc1 Kf6 1/2-1/2